| 000 | 01107nam0a22002291 4500 | ||
|---|---|---|---|
| 001 | rc\2766008 | ||
| 005 | 20260406174040.0 | ||
| 035 | _a(NLR Aleph) 006892491 | ||
| 090 |
_a7161782 _c7161782 |
||
| 100 | _a20110915d1940 |||y0rusy50 ca | ||
| 101 | 0 | _arus | |
| 102 | _aRU | ||
| 105 | _ay z ||||| | ||
| 200 | 1 |
_aТематический сводный план научно-исследовательской работы на 1940 г. и тематический сводный план диссертационных работ аспирантов МИИТ'а _fМоск. ин-т инженеров ж.-д. транспорта им. И. В. Сталина. Науч.-иссл. сектор |
|
| 210 |
_aМосква _cМИИТ _d1940 |
||
| 215 |
_a48 с., без тит. л. _d20х29 см. |
||
| 710 | 0 | 2 |
_aМосковский институт инженеров железнодорожного транспорта им. Ф. Э. Дзержинского _9378787 _3RU\NLR\AUTH\889941972 |
| 801 | 0 |
_aRU _bNLR _gpsbo |
|
| 801 | 1 |
_aRU _bELAR _2rusmarc |
|
| 852 |
_aNLR _jТ88 В-8/1 |
||
| 942 | _cBOOK | ||
| 980 | _aNB | ||